000 00362nam a2200157Ia 4500
003 OSt
005 20240120121652.0
008 170524s9999 xx 000 0 und d
020 _a8170084180
040 _cIIMT UNIVERSITY
100 _aBansal R K
245 0 _aText Book of Theory of Machines
260 _bLaxmi New Delhi
260 _c2009
942 _2ddc
_c02
999 _c5552
_d5552